| 000 | 00748cam a2200229u 4500 | ||
|---|---|---|---|
| 999 |
_c174564 _d174564 |
||
| 001 | 9614357 | ||
| 003 | Nust | ||
| 005 | 20170201093416.0 | ||
| 008 | 841025s1867 nyu 000 0 eng | ||
| 010 | _a 06037043 | ||
| 020 | _a9788172248963 | ||
| 040 |
_aDLC _cCarP _dDLC |
||
| 050 | 1 | 0 |
_aPZ3.D55 _bOl14 _aPR4567 |
| 050 | 0 | 0 | _aMicrofilm 35991 PZ |
| 082 |
_a823.8 _bDIC |
||
| 100 | 1 |
_aDickens, Charles, _d1812-1870. |
|
| 245 | 1 | 0 | _aOliver Twist, |
| 260 |
_aNew York, _bHurd and Houghton, _c2003. |
||
| 300 |
_aXXX, 239 p. _bfronts. _c18 cm. |
||
| 583 |
_aReplace; _zLC copy replaced by preservation microfilm _5DLC |
||
| 650 | _aSocial conditions | ||
| 650 | _aIdentity (Psychology) | ||
| 906 |
_a0 _bcbc _cpremunv _du _encip _f19 _gy-gencatlg |
||
| 942 |
_2ddc _cBK |
||